00523nam a22001817a 450000500170000001000130001702000260003003500130005603700090006908200100007810000160008824500690010425000130017326000360018627000510022230000330027350500350030620210716150636.0 aB-740607 a9789385676130c575.00 aB-740607 bGift14a330.11 aAhjua, H.L.1 aModern microeconomics:btheory and applications /cby H.L. Ahuja a19th ed. aNew DelhibS. Chandc2018(rep.) a7361, Ram Nagar, Qutub RoadbNew Delhie110055 axvi, 957p.:bill.c24cm(pbk) abased on UGC new model syllabi